• 首页
  • 本馆介绍
  • 公告通知
  • 最新文献
  • 馆藏检索
  • 电子资源
  • 读者导购
  • 参考咨询
  • 我的图书馆
  • 登录
  • 详细信息显示
  • 放入我的书架
  • 预约/预借图书
  • 作者相关作品
  • 分类相关作品
  • 丛书相关作品
  • 出版社相关作品

书目信息

  • 表格格式
  • 工作单格式
  • 卡片格式
题名:
视频微课实战胜经
    
 
作者: 张海 , 范国玉 著
分册:  
出版信息: 北京   中华工商联合出版社  2017
页数: 313页
开本: 24cm
丛书名:
单 册:
中图分类: G436
科图分类:
主题词: 多媒体课件--制作
电子资源:
ISBN: 978-7-5158-2040-8
000 01458nam0 2200277 450
001 209
005 20180520200439.10
010    @a978-7-5158-2040-8@dCNY59.90
100    @a20171222d2017 em y0chiy50 ea
101 0  @achi
102    @aCN@b110000
105    @ay az 000yy
200 1  @a视频微课实战胜经@9shi pin wei ke shi zhan sheng jing@dVideo micro class actual combat quide@f张海,范国玉著@zeng
210    @a北京@c中华工商联合出版社@d2017
215    @a313页@d24cm
314    @a张海,男,微课实战培训导师,国内最早开发和培训微课人之一。
314    @a范国玉,男,傲猫优雅课堂创始人、IEL微课学院创始人、IPTA国际职业训练协会授权教练等。
320    @a有书目(第313页)
330    @a本书共分7章,第1章介绍了微课的基本概念。第2章从宏观层面阐述了绘制微课地图的工具和方法。第3章介绍了学习理论的发展阶段和教学设计的含义,重点解释了教学策略和教学方法。第4章用理论结合大量案例对微课“五定”教学设计流程进行了深度剖析。第5章讲解不同微课素材的准备方法,着重示范了拍摄情景剧视频、录制电脑屏幕、录制旁白等的方法与步骤。第6章讲的是微课剪辑制作技术,从素材规范管理、素材格式转换、音频素材剪辑与视频素材剪辑等方面展示了微课剪辑制作的相关软件和操作步骤。第7章分享了利用微课实施培训的案例,同时也给出了利用微课实施移动学习的建议。
510 1  @aVideo micro class actual combat quide@zeng
606 0  @a多媒体课件@x制作
690    @aG436@v5
701  0 @a张海@9zhang hai@4著
701  0 @a范国玉@9fan guo yu@4著
801  0 @aCN@b91MARC@c20171222
905    @aMuseLib@dG436@e130
    
    视频微课实战胜经=Video micro class actual combat quide/张海,范国玉著.-北京:中华工商联合出版社,2017
    313页;24cm
    
    
    ISBN 978-7-5158-2040-8:CNY59.90
    本书共分7章,第1章介绍了微课的基本概念。第2章从宏观层面阐述了绘制微课地图的工具和方法。第3章介绍了学习理论的发展阶段和教学设计的含义,重点解释了教学策略和教学方法。第4章用理论结合大量案例对微课“五定”教学设计流程进行了深度剖析。第5章讲解不同微课素材的准备方法,着重示范了拍摄情景剧视频、录制电脑屏幕、录制旁白等的方法与步骤。第6章讲的是微课剪辑制作技术,从素材规范管理、素材格式转换、音频素材剪辑与视频素材剪辑等方面展示了微课剪辑制作的相关软件和操作步骤。第7章分享了利用微课实施培训的案例,同时也给出了利用微课实施移动学习的建议。
●
相关链接 在E读中查询图书 在五车中查询图书 在当当中查询图书 在豆瓣中查询图书


正题名:视频微课实战胜经     索取号:G436/130         预约/预借

序号 登录号 条形码 馆藏地/架位号 状态 备注
1 1101186   211011867   第一样本阅览室/ [索取号:G436/130] 在馆    
2 1101187   211011876   教育系资料室/ [索取号:G436/130] 在馆    
3 1101188   211011885   教育系资料室/ [索取号:G436/130] 在馆    
4 1101189   211011894   教育系资料室/ [索取号:G436/130] 在馆    
5 1101190   211011901   第四借阅区/ [索取号:G436/130] 在馆    
6 1101191   211011910   第四借阅区/ [索取号:G436/130] 在馆    
唐山师范学院图书馆 欢迎您!
大连网信软件有限公司© 版权所有